[Event "Online Olym Div3 A 2021"]
[Site "chess.com INT"]
[Date "2021.08.28"]
[Round "5.5"]
[Board "3"]
[White "Sakai, Azumi"]
[Black "Azhar, Puteri Munajjah Az-Zahraa"]
[Result "0-1"]
[WhiteTitle "WCM"]
[BlackTitle "WIM"]
[WhiteElo "1731"]
[BlackElo "2046"]
[WhiteTeam "Japan"]
[BlackTeam "Malaysia"]
[WhiteFideId "7001800"]
[BlackFideId "5709040"]
[EventDate "2021.08.27"]
[EventType "team"]

1. d4 Nf6 2. c4 e6 3. Nf3 d5 4. Nc3 Be7 5. Bg5 O-O 6. e3 c6 7. cxd5 exd5 8. Qc2
Bg4 9. Ne5 Bh5 10. Bd3 Nbd7 11. Nxd7 Nxd7 12. Bxe7 Qxe7 13. O-O Bg6 14. Bxg6
hxg6 15. Rab1 Rac8 16. Rfc1 Nb6 17. b3 Rfd8 18. a4 c5 19. a5 Na8 20. dxc5 Qxc5
21. b4 Qd6 22. Qb3 Nc7 23. Rd1 Qe5 24. h3 d4 25. exd4 Rxd4 26. Re1 Qf5 27. Re2
Ne6 28. Rbe1 Rd3 29. Rxe6 fxe6 30. Rc1 Qf6 31. Qa4 Rdxc3 32. Rxc3 Rxc3 33. Qe8+
Kh7 34. Qd7 Rc1+ 35. Kh2 Qf4+ 36. g3 Qxf2# 0-1

[Event "Online Olym Div3 A 2021"]
[Site "chess.com INT"]
[Date "2021.08.28"]
[Round "5.5"]
[Board "4"]
[White "Azhar, Puteri Rifqah Fahada"]
[Black "Takayasu, Melody"]
[Result "1-0"]
[WhiteTitle "WFM"]
[WhiteElo "1939"]
[BlackElo "1692"]
[WhiteTeam "Malaysia"]
[BlackTeam "Japan"]
[WhiteFideId "5702879"]
[BlackFideId "7003501"]
[EventDate "2021.08.27"]
[EventType "team"]

1. e4 c5 2. Nc3 Nc6 3. g3 d6 4. Bg2 Nf6 5. h3 e6 6. Nge2 Be7 7. d3 O-O 8. O-O a6
9. f4 Qc7 10. Be3 Bd7 11. Qd2 Rad8 12. f5 Ne5 13. g4 exf5 14. g5 Nxe4 15. dxe4
Nc4 16. Qc1 Bc6 17. Nd5 Bxd5 18. exd5 Rde8 19. Nc3 Nxe3 20. Qxe3 Bf6 21. Qg3 Be5
22. Qf3 g6 23. Rae1 b5 24. Nd1 f4 25. c3 Re7 26. Nf2 Rfe8 27. Nd3 Qb6 28. Kh1 b4
29. c4 Qc7 30. b3 a5 31. Nxf4 Bxf4 32. Rxe7 Qxe7 33. Qxf4 Kg7 34. h4 Ra8 35. Be4
a4 36. Qf6+ Qxf6 37. gxf6+ Kh6 38. Kg2 axb3 39. axb3 Ra3 40. Rf3 Ra2+ 41. Kg3
Re2 42. Bd3 Re1 43. Bf1 Re4 44. Bh3 g5 45. hxg5+ Kxg5 46. Be6 fxe6 47. f7 Rg4+
48. Kf2 1-0

[Event "Online Olym Div3 A 2021"]
[Site "chess.com INT"]
[Date "2021.08.28"]
[Round "5.5"]
[Board "5"]
[White "Otawa, Yuto"]
[Black "Chan, Kim Yew"]
[Result "1/2-1/2"]
[BlackTitle "FM"]
[WhiteElo "2125"]
[BlackElo "2303"]
[WhiteTeam "Japan"]
[BlackTeam "Malaysia"]
[WhiteFideId "7001762"]
[BlackFideId "5717981"]
[EventDate "2021.08.27"]
[EventType "team"]

1. d4 Nf6 2. c4 e6 3. Nc3 Bb4 4. Qc2 O-O 5. a3 Bxc3+ 6. Qxc3 d6 7. f3 c5 8. dxc5
dxc5 9. Bd2 Nc6 10. e3 e5 11. O-O-O Be6 12. Bd3 a6 13. Qc2 Qe7 14. g4 e4 15.
Bxe4 Nxe4 16. Qxe4 Rfc8 17. Ne2 b5 18. b3 Qb7 19. Kc2 a5 20. Rb1 a4 21. bxa4 b4
22. Nf4 Rxa4 23. Nxe6 fxe6 24. Qxe6+ Kh8 25. axb4 Ra2+ 26. Rb2 Nxb4+ 27. Bxb4
Rxb2+ 28. Kxb2 Qxb4+ 29. Kc2 Rd8 30. Qe5 Qa4+ 31. Kc3 Qa3+ 32. Kc2 Qa2+ 33. Kc3
Ra8 34. Kd3 Qb3+ 35. Ke4 Qxc4+ 36. Kf5 Rf8+ 37. Kg5 h6+ 38. Kh4 Rxf3 39. Ra1 Kh7
40. Ra7 Rf7 41. Rxf7 Qxf7 42. Qxc5 Qb7 43. Kg3 Qb3 44. Qf5+ Kh8 45. Qc8+ Kh7 46.
Qf5+ Kh8 47. Qc8+ Kh7 48. Qf5+ 1/2-1/2

[Event "Online Olym Div3 A 2021"]
[Site "chess.com INT"]
[Date "2021.08.28"]
[Round "5.5"]
[Board "6"]
[White "Chua, Jia-Tien"]
[Black "Mitsuyama, Rikka"]
[Result "1-0"]
[WhiteTitle "WCM"]
[WhiteElo "1822"]
[BlackElo "1157"]
[WhiteTeam "Malaysia"]
[BlackTeam "Japan"]
[WhiteFideId "5710006"]
[BlackFideId "7002815"]
[EventDate "2021.08.27"]
[EventType "team"]

1. e4 e5 2. Nf3 Nc6 3. Bc4 Nf6 4. d3 Bc5 5. c3 O-O 6. Nbd2 d5 7. Bb3 Bg4 8. Qe2
Re8 9. O-O d4 10. Re1 Nh5 11. Nf1 Qf6 12. Ng3 dxc3 13. bxc3 Nf4 14. Bxf4 Qxf4
15. Bd5 Ne7 16. Bxb7 Rad8 17. Ba6 Ng6 18. Nf1 Nh4 19. N1d2 Nxf3+ 20. Nxf3 Bxf3
21. Qxf3 Qxf3 22. gxf3 Rxd3 23. Bxd3 Re6 24. Rab1 Rg6+ 25. Kf1 h6 26. Bc4 Rd6
27. Rb8+ Kh7 28. Bxf7 Rd2 29. Re2 Rd1+ 30. Kg2 Rd6 31. Re8 Rf6 32. Bg8+ Kh8 33.
Bd5+ Kh7 34. Rxe5 Bd6 35. Re6 Rf4 36. e5 Bc5 37. Be4+ Kg8 38. Bg6 Bf8 39. Kg3
Rc4 40. Re8 Rc5 41. Re4 Rc6 42. e6 h5 43. Rxf8+ Kxf8 44. e7+ 1-0

[Event "Online Olym Div3 A 2021"]
[Site "chess.com INT"]
[Date "2021.08.28"]
[Round "6.1"]
[Board "1"]
[White "Thing, Bibek"]
[Black "Lim, Zhuo Ren"]
[Result "0-1"]
[WhiteTitle "CM"]
[BlackTitle "FM"]
[WhiteElo "2190"]
[BlackElo "2311"]
[WhiteTeam "Nepal"]
[BlackTeam "Malaysia"]
[WhiteFideId "12303135"]
[BlackFideId "5702488"]
[EventDate "2021.08.27"]
[EventType "team"]

1. e4 c5 2. Nc3 d6 3. f4 g6 4. Nf3 Bg7 5. Bc4 Nc6 6. O-O e6 7. d3 Nge7 8. Qe1
O-O 9. Qh4 d5 10. Bb3 f5 11. Re1 Nd4 12. Nxd4 cxd4 13. Nxd5 exd5 14. exd5 Nxd5
15. Re7 Be6 16. Bxd5 Bxd5 17. Bd2 Rf7 18. Rae1 Rxe7 19. Rxe7 Qd6 20. a3 Qf6 21.
Qe1 Bf8 22. Re5 Bf7 23. Bb4 Qc6 24. Qd2 Re8 25. Rxe8 Qxe8 26. Bxf8 Qxf8 27. Qa5
Qe7 28. Kf1 b6 29. Qa4 Qe3 30. Qxa7 Qxf4+ 31. Kg1 Qc1+ 32. Kf2 Qxc2+ 33. Kg3
Qxd3+ 34. Kf4 Qe3# 0-1

[Event "Online Olym Div3 A 2021"]
[Site "chess.com INT"]
[Date "2021.08.28"]
[Round "6.1"]
[Board "2"]
[White "Subramaniam, Sumant"]
[Black "Jaiswal, Rupesh"]
[Result "1-0"]
[WhiteTitle "FM"]
[BlackTitle "FM"]
[WhiteElo "2155"]
[BlackElo "2102"]
[WhiteTeam "Malaysia"]
[BlackTeam "Nepal"]
[WhiteFideId "5702720"]
[BlackFideId "12300870"]
[EventDate "2021.08.27"]
[EventType "team"]

1. a3 g6 2. g3 Bg7 3. Bg2 Nf6 4. Nf3 d6 5. O-O O-O 6. d4 a6 7. c4 Nc6 8. b4 e5
9. dxe5 dxe5 10. Bb2 Qe7 11. Nc3 e4 12. Nd4 Nxd4 13. Qxd4 Rd8 14. Nd5 Rxd5 15.
cxd5 Bd7 16. Rfc1 c6 17. d6 Qe6 18. Rab1 Rd8 19. Rd1 Qd5 20. Qb6 1-0

[Event "Online Olym Div3 A 2021"]
[Site "chess.com INT"]
[Date "2021.08.28"]
[Round "6.1"]
[Board "3"]
[White "Lohani, Sujana"]
[Black "Azhar, Puteri Munajjah Az-Zahraa"]
[Result "1-0"]
[WhiteTitle "WFM"]
[BlackTitle "WIM"]
[WhiteElo "1675"]
[BlackElo "2046"]
[WhiteTeam "Nepal"]
[BlackTeam "Malaysia"]
[WhiteFideId "12311987"]
[BlackFideId "5709040"]
[EventDate "2021.08.27"]
[EventType "team"]

1. d4 Nf6 2. Nf3 d6 3. g3 g6 4. Bg2 Bg7 5. O-O O-O 6. c4 c6 7. Nc3 Qc7 8. e4 Bg4
9. h3 Bxf3 10. Qxf3 Nbd7 11. Rd1 a5 12. Be3 Rab8 13. Qe2 e5 14. d5 Rfd8 15. Rac1
Nc5 16. Bxc5 dxc5 17. a4 Qe7 18. Kh2 Rd7 19. Rf1 Bh6 20. Rcd1 Rbd8 21. Kg1 Nh5
22. Bf3 Nf6 23. Kh2 Rd6 24. Bg2 Nd7 25. f4 exf4 26. gxf4 Rf6 27. Qg4 Nf8 28. e5
Rxf4 29. Rxf4 Qxe5 30. Rf1 g5 31. Kh1 Ng6 32. Rxf7 Bf8 33. R7f5 Qg7 34. Rxg5 Bd6
35. Be4 1-0

[Event "Online Olym Div3 A 2021"]
[Site "chess.com INT"]
[Date "2021.08.28"]
[Round "6.1"]
[Board "4"]
[White "Azhar, Puteri Rifqah Fahada"]
[Black "Joshi, Sindira"]
[Result "1-0"]
[WhiteTitle "WFM"]
[WhiteElo "1939"]
[BlackElo "1506"]
[WhiteTeam "Malaysia"]
[BlackTeam "Nepal"]
[WhiteFideId "5702879"]
[BlackFideId "12312754"]
[EventDate "2021.08.27"]
[EventType "team"]

1. d4 Nf6 2. Nf3 e6 3. Bf4 d5 4. e3 c5 5. c3 Be7 6. Nbd2 O-O 7. Bd3 Nc6 8. O-O
b6 9. Ne5 Bb7 10. Qe2 Nd7 11. Nxd7 Qxd7 12. Qh5 g6 13. Qh6 Bf6 14. Nf3 Bg7 15.
Qh3 f6 16. dxc5 bxc5 17. e4 Rad8 18. exd5 exd5 19. Qxd7 Rxd7 20. Rfe1 Rfd8 21.
Bb5 Kf7 22. Rad1 Re7 23. Kf1 Ne5 24. Nd2 a6 25. Be2 d4 26. Bc4+ Nxc4 27. Nxc4
Rxe1+ 28. Rxe1 dxc3 29. Nd6+ Rxd6 30. Bxd6 Bf8 31. Bxf8 Kxf8 32. bxc3 Bd5 33. a3
f5 34. Re5 Bc4+ 35. Ke1 Bb5 36. Rxc5 Kf7 37. Rc7+ Ke6 38. Rxh7 Kf6 39. Kd2 Kg5
40. Ke3 f4+ 41. Kd4 Kf5 42. c4 Ba4 43. Ra7 Bc6 44. g3 fxg3 45. hxg3 Bf3 46. Rxa6
g5 47. c5 Kg4 48. c6 Bxc6 49. Rxc6 Kf3 50. Rf6+ 1-0

[Event "Online Olym Div3 A 2021"]
[Site "chess.com INT"]
[Date "2021.08.28"]
[Round "6.1"]
[Board "5"]
[White "Kusatha, Niken"]
[Black "Chan, Kim Yew"]
[Result "1-0"]
[BlackTitle "FM"]
[WhiteElo "1984"]
[BlackElo "2303"]
[WhiteTeam "Nepal"]
[BlackTeam "Malaysia"]
[WhiteFideId "12314560"]
[BlackFideId "5717981"]
[EventDate "2021.08.27"]
[EventType "team"]

1. e4 c5 2. Nf3 e6 3. d4 cxd4 4. Nxd4 Nc6 5. Nc3 Qc7 6. Be3 a6 7. Qf3 Nf6 8.
O-O-O Ne5 9. Qg3 b5 10. f4 Neg4 11. e5 Nxe3 12. Qxe3 b4 13. exf6 bxc3 14. fxg7
cxb2+ 15. Kb1 Bxg7 16. Nf5 Bf6 17. Nd6+ Kf8 18. f5 Qc3 19. Qh6+ Ke7 20. Qh5 Rf8
21. Bc4 Rb8 22. fxe6 dxe6 23. Qc5 Qb4 24. Nxc8+ Ke8 25. Qc6# 1-0

[Event "Online Olym Div3 A 2021"]
[Site "chess.com INT"]
[Date "2021.08.28"]
[Round "6.1"]
[Board "6"]
[White "Chua, Jia-Tien"]
[Black "Neupane, Anisha"]
[Result "1-0"]
[WhiteTitle "WCM"]
[WhiteElo "1822"]
[BlackElo "1459"]
[WhiteTeam "Malaysia"]
[BlackTeam "Nepal"]
[WhiteFideId "5710006"]
[BlackFideId "12311642"]
[EventDate "2021.08.27"]
[EventType "team"]

1. e4 c5 2. Nc3 Nc6 3. g3 g6 4. Bg2 Bg7 5. Nge2 Nf6 6. d3 O-O 7. O-O d6 8. h3
Bd7 9. Be3 Rc8 10. Qd2 a6 11. Bh6 b5 12. Bxg7 Kxg7 13. f4 Qb6 14. Kh2 Nd4 15. g4
Nxe2 16. Nxe2 Bc6 17. Ng3 Qb7 18. Rf2 c4 19. Raf1 b4 20. f5 c3 21. bxc3 bxc3 22.
Qe3 Ng8 23. g5 f6 24. h4 Bd7 25. h5 Qc7 26. fxg6 hxg6 27. hxg6 1-0

[Event "Online Olym Div3 A 2021"]
[Site "chess.com INT"]
[Date "2021.08.28"]
[Round "6.2"]
[Board "1"]
[White "Gurbanov, Andrei"]
[Black "Tran, Thanh Tu"]
[Result "1-0"]
[WhiteTitle "IM"]
[BlackTitle "CM"]
[WhiteElo "2259"]
[BlackElo "2374"]
[WhiteTeam "IPCA"]
[BlackTeam "Japan"]
[WhiteFideId "13503391"]
[BlackFideId "12401404"]
[EventDate "2021.08.27"]
[EventType "team"]

1. d4 Nf6 2. c4 Nc6 3. Nf3 e6 4. Nc3 Bb4 5. Qc2 d6 6. a3 Bxc3+ 7. Qxc3 h6 8. b4
O-O 9. Bb2 Ne4 10. Qc2 f5 11. e3 a5 12. d5 Nb8 13. dxe6 axb4 14. axb4 Rxa1+ 15.
Bxa1 c5 16. Bd3 Bxe6 17. Bxe4 fxe4 18. Qxe4 Re8 19. O-O cxb4 20. Qxb7 Re7 21.
Qxb4 Na6 22. Qc3 Nc5 23. Nd4 Bd7 24. f3 Qb6 25. Rd1 Rf7 26. Qb2 Qa6 27. Nb5 Qa4
28. Rd4 Bxb5 29. cxb5 Qa5 30. Rd1 Na4 31. Qd4 Qxb5 32. Qxd6 Nb6 33. Qd8+ Rf8 34.
Qd3 Qc6 35. Qd4 Rf7 36. e4 Kh7 37. Rb1 Rd7 38. Qc3 Qg6 39. g3 Ra7 40. Bb2 Rd7
41. Kg2 Na4 42. Qc2 Nb6 43. Bc1 Nd5 44. Rb3 Rc7 45. Qd1 Nf6 46. Bf4 Rd7 47. Rd3
Ra7 48. Qb3 Nh5 49. Be3 Ra1 50. Rd1 Ra8 51. Rd7 Nf6 52. Re7 Rc8 53. Bd4 Rd8 54.
Qc3 Nh5 55. Kf2 Ra8 56. Qb2 Qd6 57. Rb7 Qe6 58. Ra7 Rg8 59. g4 Nf4 60. Ke3 Nd5+
61. Kd2 Ne7 62. h4 Nc6 63. Rxg7+ Rxg7 64. Bxg7 Qd7+ 65. Ke3 Qxg7 66. Qxg7+ Kxg7
67. f4 Kf6 68. e5+ Ke6 69. Ke4 Ne7 70. f5+ Kf7 71. g5 h5 72. g6+ Kf8 73. Kf4 1-0

[Event "Online Olym Div3 A 2021"]
[Site "chess.com INT"]
[Date "2021.08.28"]
[Round "6.2"]
[Board "2"]
[White "Nanjo, Ryosuke"]
[Black "Obodchuk, Andrei"]
[Result "1-0"]
[WhiteTitle "IM"]
[BlackTitle "IM"]
[WhiteElo "2338"]
[BlackElo "2303"]
[WhiteTeam "Japan"]
[BlackTeam "IPCA"]
[WhiteFideId "7000634"]
[BlackFideId "4114310"]
[EventDate "2021.08.27"]
[EventType "team"]

1. e4 c5 2. Nf3 Nc6 3. Nc3 d6 4. d4 cxd4 5. Nxd4 Nf6 6. Be2 e5 7. Nf3 h6 8. O-O
Be7 9. Re1 O-O 10. Bf1 Be6 11. a3 Rc8 12. b3 a6 13. Bb2 Nb8 14. a4 Nbd7 15. Qd2
Nh7 16. Rad1 Qc7 17. h3 Rfd8 18. Qc1 Ng5 19. Nd2 Nf8 20. Nc4 Ng6 21. Nd5 Bxd5
22. Rxd5 Nf4 23. Rdd1 Qc6 24. Qe3 f5 25. Nb6 fxe4 26. Nxc8 Qxc8 27. h4 Nf7 28.
g3 Qg4 29. Kh2 Ng5 30. hxg5 Bxg5 31. Qxe4 Rf8 32. Rxd6 Be7 33. Bxe5 Qh5+ 34. Kg1
Nh3+ 35. Bxh3 Qxh3 36. Rg6 Rf7 37. Bxg7 1-0

[Event "Online Olym Div3 A 2021"]
[Site "chess.com INT"]
[Date "2021.08.28"]
[Round "6.2"]
[Board "3"]
[White "Aleksandrova, Aleksandra"]
[Black "Sakai, Azumi"]
[Result "1-0"]
[WhiteTitle "WFM"]
[BlackTitle "WCM"]
[WhiteElo "1731"]
[BlackElo "1731"]
[WhiteTeam "IPCA"]
[BlackTeam "Japan"]
[WhiteFideId "4144198"]
[BlackFideId "7001800"]
[EventDate "2021.08.27"]
[EventType "team"]

1. d4 d5 2. e3 Nf6 3. Bd3 c5 4. c3 e6 5. Nd2 Nc6 6. f4 Bd6 7. g3 Qc7 8. Ngf3 Bd7
9. a4 O-O 10. Ne5 a6 11. O-O c4 12. Bc2 b5 13. g4 g6 14. h4 b4 15. h5 bxc3 16.
bxc3 Kg7 17. Qf3 Na5 18. Kg2 Nb3 19. h6+ Kg8 20. Nxb3 cxb3 21. g5 bxc2 22. gxf6
Rab8 23. Nxd7 Qxd7 24. f5 exf5 25. Qxd5 Qe6 26. Qxe6 fxe6 27. Ra2 Rxf6 28. Rxc2
e5 29. e4 f4 30. d5 g5 31. Rh1 Bf8 32. c4 Rc8 33. Bb2 Rxh6 34. Rxh6 Bxh6 35.
Bxe5 Kf7 36. c5 Ke7 37. c6 Kd8 38. d6 Bf8 39. Bf6+ 1-0

[Event "Online Olym Div3 A 2021"]
[Site "chess.com INT"]
[Date "2021.08.28"]
[Round "6.2"]
[Board "4"]
[White "Takayasu, Melody"]
[Black "Kaydanovich, Marina"]
[Result "0-1"]
[BlackTitle "WIM"]
[WhiteElo "1692"]
[BlackElo "1737"]
[WhiteTeam "Japan"]
[BlackTeam "IPCA"]
[WhiteFideId "7003501"]
[BlackFideId "4134877"]
[EventDate "2021.08.27"]
[EventType "team"]

1. e4 c5 2. Nf3 d6 3. d4 cxd4 4. Nxd4 Nf6 5. Nc3 e5 6. Nf5 Bxf5 7. exf5 d5 8.
Bb5+ Nc6 9. O-O a6 10. Ba4 b5 11. Bb3 d4 12. Ne2 Be7 13. Ng3 O-O 14. a3 Rc8 15.
Re1 Qd6 16. Ne4 Nxe4 17. Rxe4 Na5 18. Bd2 Nxb3 19. cxb3 Qf6 20. g4 Rc6 21. Qf3
h6 22. Rxe5 Qxe5 23. Qxc6 Bd6 24. Qg2 Re8 25. f4 Qe2 26. Qxe2 Rxe2 27. Rd1 Bc5
28. b4 Bb6 29. Kh1 f6 30. h4 Kf7 31. g5 hxg5 32. fxg5 fxg5 33. hxg5 Rf2 34. f6
gxf6 35. gxf6 Kxf6 36. Kg1 Re2 37. Rf1+ Ke6 38. Re1 Rxe1+ 39. Bxe1 Kd5 40. Kf2
Kc4 41. Ke2 Kb3 42. Bh4 Kxb2 43. Kd3 Kxa3 44. Be7 Ka4 45. Bc5 Bd8 46. Kxd4 Bf6+
47. Kd3 Kb3 48. Bd6 Bc3 49. Bc5 Bxb4 50. Bxb4 Kxb4 51. Kc2 a5 52. Kb2 Kc4 53.
Kc2 b4 54. Kb2 a4 55. Kc2 a3 56. Kb1 Kc3 57. Ka1 Kc2 58. Ka2 b3+ 59. Ka1 b2+ 60.
Ka2 b1=Q+ 0-1

[Event "Online Olym Div3 A 2021"]
[Site "chess.com INT"]
[Date "2021.08.28"]
[Round "6.2"]
[Board "5"]
[White "Petrov, Maksim"]
[Black "Nakahara, Kan"]
[Result "0-1"]
[BlackTitle "CM"]
[WhiteElo "1568"]
[BlackElo "2095"]
[WhiteTeam "IPCA"]
[BlackTeam "Japan"]
[WhiteFideId "24216836"]
[BlackFideId "7002556"]
[EventDate "2021.08.27"]
[EventType "team"]

1. d4 Nf6 2. c4 e6 3. Nc3 d5 4. cxd5 exd5 5. Bg5 Be7 6. e3 O-O 7. Bd3 c6 8. Nge2
Re8 9. O-O h6 10. Bh4 Nbd7 11. f3 c5 12. Bf2 a6 13. Ng3 b5 14. Qd2 Bb7 15. Rad1
Rc8 16. Nf5 Bf8 17. Rfe1 g6 18. Nh4 Bg7 19. Bb1 Qc7 20. Qd3 c4 21. Qc2 b4 22.
Ne2 Re6 23. Ng3 Rce8 24. Nxg6 fxg6 25. Qxg6 Ne4 26. Qf5 Nxf2 27. Qh7+ Kf8 28.
Nh5 Nf6 29. Nxf6 Rxf6 30. Kxf2 Qxh2 31. Rh1 Qd6 32. Rh3 Qe6 33. Rg3 Qxe3+ 34.
Kf1 Qe2+ 35. Kg1 Qxd1+ 36. Kh2 Re7 37. Rxg7 Rxg7 38. Qh8+ Kf7 39. Qb8 Qxb1 40.
Qxb7+ Kg6 41. Qxd5 c3 42. bxc3 bxc3 43. Kg3 c2 44. Qe4+ Kf7+ 0-1

[Event "Online Olym Div3 A 2021"]
[Site "chess.com INT"]
[Date "2021.08.28"]
[Round "6.2"]
[Board "6"]
[White "Mitsuyama, Rikka"]
[Black "Dorozhkina, Mariya"]
[Result "0-1"]
[BlackTitle "WFM"]
[WhiteElo "1157"]
[BlackElo "1714"]
[WhiteTeam "Japan"]
[BlackTeam "IPCA"]
[WhiteFideId "7002815"]
[BlackFideId "54132185"]
[EventDate "2021.08.27"]
[EventType "team"]

1. d4 Nf6 2. c4 g6 3. Nc3 d5 4. cxd5 Nxd5 5. e4 Nxc3 6. bxc3 Bg7 7. Nf3 O-O 8.
h3 c5 9. Bb2 Qa5 10. Bc4 cxd4 11. Nxd4 Rd8 12. O-O Nc6 13. Nxc6 bxc6 14. Qf3 e6
15. Rad1 Ba6 16. Bxa6 Qxa6 17. a3 Qb5 18. Rb1 Rd3 19. a4 Qc4 20. Qe2 Rxc3 21.
Qd2 Rc2 22. Qd7 Bxb2 23. Qb7 Rd8 24. Rxb2 Qxf1+ 25. Kh2 Rxb2 26. Qxb2 Qc4 27.
Qf6 Qd4 28. e5 h6 29. f4 Rb8 30. a5 Rb4 31. Kh1 Rb1+ 32. Kh2 Qg1+ 33. Kg3 Qe3+
34. Kh2 Rb4 35. Qd8+ Kh7 36. Qe7 Qxf4+ 37. g3 Rb2+ 38. Kg1 Qc1# 0-1

[Event "Online Olym Div3 A 2021"]
[Site "chess.com INT"]
[Date "2021.08.28"]
[Round "6.3"]
[Board "1"]
[White "Kulpruethanon, Thanadon"]
[Black "Xie, Felix"]
[Result "1-0"]
[WhiteTitle "FM"]
[BlackTitle "CM"]
[WhiteElo "2278"]
[BlackElo "2132"]
[WhiteTeam "Thailand"]
[BlackTeam "New Zealand"]
[WhiteFideId "6201610"]
[BlackFideId "4308174"]
[EventDate "2021.08.27"]
[EventType "team"]

1. Nf3 Nf6 2. g3 g6 3. b3 Bg7 4. Bb2 O-O 5. Bg2 d6 6. d4 Nc6 7. O-O e5 8. dxe5
Ng4 9. c4 Ngxe5 10. Qd2 Rb8 11. Nc3 Nxf3+ 12. exf3 Bf5 13. Nd5 Ne5 14. f4 Ng4
15. Rfe1 Be6 16. Bxg7 Kxg7 17. Qd4+ Nf6 18. Qxa7 c6 19. Ne3 Nd7 20. Qd4+ Nf6 21.
Rad1 d5 22. cxd5 cxd5 23. Qe5 Re8 24. f5 Bxf5 25. Nxf5+ gxf5 26. Qxf5 Rxe1+ 27.
Rxe1 h6 28. Rd1 Qa5 29. a4 Rd8 30. Qd3 Qb4 31. Bf3 Rc8 32. Bxd5 Rd8 33. Qf3 Qd6
34. Qc3 Qe7 35. Re1 Qd6 36. Bxb7 Qb6 37. Bf3 Rb8 38. Kg2 Qxb3 39. Qxb3 Rxb3 40.
Ra1 Rb6 41. a5 Ra6 42. Bb7 Ra7 43. a6 Nd7 44. Rc1 Nb8 45. Bc8 Ra8 46. Bb7 Ra7
47. Ra1 Nd7 48. Rb1 Nc5 49. Rb6 Nd7 50. Rd6 Nc5 51. Bc8 Rc7 52. Bb7 Nxb7 53. a7
Rc8 54. Rb6 Ra8 55. Rxb7 Kf6 56. Kf3 Ke6 57. Kg4 f6 58. Kh5 Kd6 59. Kxh6 Kc6 60.
Rf7 Kd5 61. Kg6 Ke5 62. h4 Ke6 63. Rxf6+ Ke7 64. Rf7+ Ke6 65. Rg7 Rf8 66. h5
Rf6+ 67. Kg5 Rf5+ 68. Kh4 Ra5 69. g4 Kf6 70. Rb7 Ra4 71. f4 Ra5 72. g5+ Kf5 73.
Rb5+ Rxb5 74. a8=Q Kxf4 75. Qf8+ Rf5 76. Qxf5+ Kxf5 77. h6 Kg6 78. Kg4 Kh7 79.
Kh5 Kg8 80. g6 Kh8 81. Kg5 Kg8 82. Kf6 Kh8 83. g7+ Kg8 84. h7+ Kxh7 85. Kf7 1-0

[Event "Online Olym Div3 A 2021"]
[Site "chess.com INT"]
[Date "2021.08.28"]
[Round "6.3"]
[Board "2"]
[White "Winter, Ryan"]
[Black "Khumnorkaew, Tupfah"]
[Result "0-1"]
[WhiteElo "2006"]
[BlackElo "2123"]
[WhiteTeam "New Zealand"]
[BlackTeam "Thailand"]
[WhiteFideId "4306295"]
[BlackFideId "6202071"]
[EventDate "2021.08.27"]
[EventType "team"]

1. e4 c5 2. Nf3 e6 3. d4 cxd4 4. Nxd4 a6 5. Nc3 Qc7 6. g3 Nc6 7. Bg2 Nf6 8. O-O
d6 9. Nb3 Bd7 10. f4 Be7 11. Be3 Rc8 12. Kh1 b5 13. a4 b4 14. Ne2 Na5 15. Nxa5
Qxa5 16. Nd4 h5 17. h3 d5 18. e5 Ne4 19. Kh2 f5 20. exf6 Bxf6 21. Re1 Qc7 22.
Re2 O-O 23. Bxe4 dxe4 24. Rg2 e5 25. fxe5 Bxe5 26. Qxh5 Rf6 27. h4 Rcf8 28. b3
Bxg3+ 29. Kh1 Bh3 30. Qd5+ Kh8 31. Qh5+ Kg8 32. Qd5+ R8f7 33. Rgg1 Bf2 34. Qg5
Bxg1 35. Rxg1 Rf1 36. h5 Rxg1+ 37. Bxg1 Qd6 38. Qh4 e3 39. Qxh3 Qxd4 40. Qxe3
Qxe3 41. Bxe3 Rc7 42. Bd2 a5 43. Be3 Rxc2 44. Bb6 Rc3 45. Bxa5 Rxb3 46. Bc7 Ra3
47. a5 b3 48. Be5 Rxa5 0-1

[Event "Online Olym Div3 A 2021"]
[Site "chess.com INT"]
[Date "2021.08.28"]
[Round "6.3"]
[Board "3"]
[White "Atikankhotchasee, Manunthon"]
[Black "Chang, Yolanda"]
[Result "1/2-1/2"]
[WhiteTitle "WFM"]
[WhiteElo "1548"]
[BlackElo "1400"]
[WhiteTeam "Thailand"]
[BlackTeam "New Zealand"]
[WhiteFideId "6203191"]
[BlackFideId "4309332"]
[EventDate "2021.08.27"]
[EventType "team"]

1. d4 d5 2. c4 e6 3. Nc3 c6 4. Bf4 Nf6 5. e3 Nbd7 6. Rc1 dxc4 7. Bxc4 Nb6 8. Be2
Bb4 9. Nf3 Nbd5 10. Bg3 Ne4 11. Qb3 Qa5 12. O-O Nexc3 13. bxc3 Nxc3 14. Bc4 Nd5
15. Ra1 O-O 16. h3 Qa3 17. Qc2 Bd6 18. Bxd6 Qxd6 19. a4 b6 20. Rfc1 Bb7 21. Ne5
c5 22. Qb2 cxd4 23. Qxd4 Rfd8 24. Nf3 Nf6 25. Qh4 Qe7 26. a5 bxa5 27. Rxa5 Rdc8
28. Raa1 Bxf3 29. gxf3 Qb7 30. Be2 Rxc1+ 31. Rxc1 Rc8 32. Rd1 h6 33. Qa4 Qc7 34.
Ba6 Rd8 35. Rb1 Rb8 36. Rd1 Rd8 37. Ra1 Nd5 38. Be2 Qe7 39. Bf1 Qg5+ 40. Kh2
Qe5+ 41. f4 Qc7 42. Qxa7 Qxa7 43. Rxa7 Nf6 44. Bg2 Rd2 45. Kg3 Rd8 46. Kf3 Nd5
47. Ke2 Nc3+ 48. Kf3 Nd5 49. Kg3 Nf6 50. Bf3 Nd5 51. e4 Nf6 52. Ra5 Kf8 53. h4
Rd4 54. e5 Nd5 55. Bxd5 exd5 56. Kf3 g6 57. Ke3 Re4+ 58. Kf3 Rd4 59. Rc5 Ke7 60.
Rc6 Rd3+ 61. Kg2 Rd4 62. Kg3 Rd3+ 63. f3 d4 64. Rd6 Rd1 65. Kf2 d3 66. Ke3 Re1+
67. Kf2 Rd1 68. Ke3 Re1+ 69. Kf2 Rd1 1/2-1/2

[Event "Online Olym Div3 A 2021"]
[Site "chess.com INT"]
[Date "2021.08.28"]
[Round "6.3"]
[Board "4"]
[White "Gan, Emily"]
[Black "Promsirinimit, Pornouma"]
[Result "0-1"]
[WhiteElo "1438"]
[BlackElo "1559"]
[WhiteTeam "New Zealand"]
[BlackTeam "Thailand"]
[WhiteFideId "4310608"]
[BlackFideId "6204171"]
[EventDate "2021.08.27"]
[EventType "team"]

1. c4 e5 2. Nc3 Nf6 3. g3 Nc6 4. Bg2 Bb4 5. e3 Bxc3 6. bxc3 O-O 7. d4 d6 8. Ne2
Re8 9. O-O e4 10. f3 exf3 11. Bxf3 Bh3 12. Bg2 Bxg2 13. Kxg2 Qe7 14. Nf4 Qe4+
15. Kg1 Re7 16. Ng2 Rae8 17. Rf4 Qg6 18. Nh4 Qh5 19. Qd3 Re4 20. Bd2 Rxf4 21.
exf4 Qe2 22. Qxe2 Rxe2 23. Nf3 Ne4 24. Rd1 f6 25. Kf1 Rf2+ 26. Kg1 Rxf3 27. Be1
Nxc3 28. Bxc3 Rxc3 29. c5 dxc5 30. dxc5 Rxc5 31. Rd7 Nb4 32. a3 Nc2 33. a4 b6
34. Rd8+ Kf7 35. Kf2 a5 36. g4 Nb4 37. f5 g5 38. Rd7+ Kg8 39. Rd8+ Kg7 40. Rd7+
Kh6 41. Rf7 Rc6 42. Kg3 Nd3 43. h4 gxh4+ 44. Kxh4 Ne5 45. Rf8 Nf3+ 46. Kg3 Ng5 0-1